00858nam a2200193 a 450000100100000000500170001000800410002702000180006804000250008608200140011110000440012524501930016926000870036230000210044950000380047059000270050895201120053599900170064700003561820200930074458.0111105s2008 bl 000 0 spa d a9788533304918 aDO-SdBNPbspacBNPHU axxxbxxxx1 aGomes Carneiro, Diogod1618-167696152210aOracão apodíctica aos cismáticos da pátria :boracão apodixica aos scismaticos da patria. Offerecida a Francisco de Lucena do Conselho de Sua Magestade.. /cDiogo Gomes Carneiro. aRio de Janeiro, :bMinistério da CulturabFundacão Biblioteca Nacional,c2008. a]82] p ;c22 cm. aFac-símile da edicão de 1641. aInventariado, 2018/ YL 001050718MOaGRbGRcHDd2011-11-05iLF1l0oxxx xxxxp35618-10r2020-06-25w2020-06-25y1ZNo se presta c35109d35109